| 000 | 00809cab a2200253 4500 | ||
|---|---|---|---|
| 001 | ABS58256 | ||
| 008 | 090401t1998 xxu||||| |||| 00| 0 eng d | ||
| 035 | _a(Sirsi) u84233 | ||
| 041 | _aeng | ||
| 245 | _aTender price forecast | ||
| 260 | _c1998 | ||
| 350 | _a0 | ||
| 490 |
_aBuilding _v263(8025) 6 February 1998, 48-50(3) |
||
| 520 | _aThe tender price index for 4Q 1997 is 6% up on the same quarter in 1996 and tender prices are forecast to rise by 9% over the next 12 months. Details. | ||
| 650 | _aBUILT ENVIRONMENT-BUILDING COSTS | ||
| 650 | _aDAVIS LANGDON & EVEREST | ||
| 650 | _aELECTRICAL COST INDEX | ||
| 650 | _aFORECASTS | ||
| 650 | _aMECHANICAL COST INDEX | ||
| 650 | _aTENDER PRICE FORECAST | ||
| 690 | _aBUILT ENVIRONMENT-BUILDING COSTS | ||
| 942 | _n0 | ||
| 948 | _c13/02/1998 | ||
| 999 |
_c52929 _d52929 |
||